Miasta województwa zachodniopomorskiego (dawne nazwy) - Statystyki

Ogólne statystyki
  • Ten quiz został rozwiązany 112 razy
  • Średni wynik to 11 z 16
Statystyki odpowiedzi
Niemiecka: Polska: % Poprawnych
Stettin Szczecin
99%
Köslin Koszalin
95%
Pölitz Police
94%
Kolberg Kołobrzeg
91%
Swinemünde Świnoujście
89%
Belgard Białogard
86%
Neustettin Szczecinek
79%
Greifenberg in Pommern Gryfice
74%
Dramburg Drawsko Pomorskie
65%
Misdroy Międzyzdroje
64%
Treptow an der Rega Trzebiatów
53%
Berlinchen Barlinek
47%
Groß Born Borne Sulinowo
39%
Rügenwalde Darłowo
34%
Groß Möllen Mielno
27%
Zehden Cedynia
23%
Nie znaleziono quizów pasujących do podanych kryteriów
Rozkład punktacji
Procent ludzi z każdym wynikiem
Percentyl według liczby udzielonych odpowiedzi
Twoja historia wyników
Nie rozwiązałeś tego quizu